[Event "2025 National K-12 Grade Championship"]
[Site "Spokane, WI USA, United States"]
[Date "2025.12.12"]
[Round "2.12"]
[White "Vemparala, Nikash"]
[Black "Dove, James"]
[Result "1-0"]
[TimeControl "G/90; d10"]
[WhiteTitle "CM"]
[WhiteFideId "30960967"]
[BlackFideId "39981070"]
[WhiteElo "2247"]
[BlackElo "1867"]

1. c4 {[%clk 01:29:52]} {[%emt 00:00:17]} Nf6 {[%clk 01:29:02]} {[%emt
00:01:08]} 2. g3 {[%clk 01:29:52]} {[%emt 00:00:09]} g6 {[%clk 01:28:30]}
{[%emt 00:00:42]} 3. Bg2 {[%clk 01:29:52]} {[%emt 00:00:06]} Bg7 {[%clk
01:27:57]} {[%emt 00:00:44]} 4. Nc3 {[%clk 01:29:52]} {[%emt 00:00:07]} c6
{[%clk 01:27:07]} {[%emt 00:01:00]} 5. e4 {[%clk 01:29:27]} {[%emt 00:00:35]}
d6 {[%clk 01:26:51]} {[%emt 00:00:26]} 6. Nge2 {[%clk 01:29:03]} {[%emt
00:00:33]} O-O {[%clk 01:25:53]} {[%emt 00:01:09]} 7. O-O {[%clk 01:27:56]}
{[%emt 00:01:17]} e5 {[%clk 01:21:57]} {[%emt 00:04:06]} 8. d3 {[%clk
01:27:19]} {[%emt 00:00:46]} Nh5 {[%clk 01:12:52]} {[%emt 00:09:15]} 9. Be3
{[%clk 01:18:15]} {[%emt 00:09:14]} h6 {[%clk 01:09:23]} {[%emt 00:03:39]} 10.
Qd2 {[%clk 01:17:25]} {[%emt 00:01:00]} Kh7 {[%clk 01:09:13]} {[%emt 00:00:21]}
11. f4 {[%clk 01:16:46]} {[%emt 00:00:50]} Nd7 {[%clk 01:05:14]} {[%emt
00:04:07]} 12. d4 {[%clk 01:14:40]} {[%emt 00:02:16]} Qe7 {[%clk 00:58:55]}
{[%emt 00:06:29]} 13. Rad1 {[%clk 01:09:25]} {[%emt 00:05:25]} a6 {[%clk
00:51:41]} {[%emt 00:07:25]} 14. c5 {[%clk 01:05:43]} {[%emt 00:03:51]} dxc5
{[%clk 00:37:55]} {[%emt 00:13:56]} 15. dxe5 {[%clk 01:05:43]} {[%emt
00:00:09]} Nb6 {[%clk 00:35:21]} {[%emt 00:02:45]} 16. b3 {[%clk 01:04:20]}
{[%emt 00:01:33]} Bg4 {[%clk 00:33:36]} {[%emt 00:01:54]} 17. Qd6 {[%clk
01:01:50]} {[%emt 00:02:40]} Qxd6 {[%clk 00:31:45]} {[%emt 00:02:02]} 18. Rxd6
{[%clk 01:00:59]} {[%emt 00:01:02]} Nc8 {[%clk 00:28:50]} {[%emt 00:03:04]} 19.
Rd2 {[%clk 01:00:41]} {[%emt 00:00:27]} b6 {[%clk 00:26:32]} {[%emt 00:02:29]}
20. h3 {[%clk 00:59:39]} {[%emt 00:01:11]} Bxe2 {[%clk 00:25:35]} {[%emt
00:01:07]} 21. Nxe2 {[%clk 00:59:39]} {[%emt 00:00:05]} Bh8 {[%clk 00:24:32]}
{[%emt 00:01:13]} 22. Rfd1 {[%clk 00:58:52]} {[%emt 00:00:57]} Ne7 {[%clk
00:23:21]} {[%emt 00:01:21]} 23. Rd7 {[%clk 00:56:10]} {[%emt 00:02:52]} Nc8
{[%clk 00:21:04]} {[%emt 00:02:28]} 24. g4 {[%clk 00:54:12]} {[%emt 00:02:08]}
Ng7 {[%clk 00:21:00]} {[%emt 00:00:13]} 25. f5 {[%clk 00:54:12]} {[%emt
00:00:05]} Ra7 {[%clk 00:19:08]} {[%emt 00:02:02]} 26. Rxa7 {[%clk 00:53:20]}
{[%emt 00:01:03]} Nxa7 {[%clk 00:19:08]} {[%emt 00:00:04]} 27. Rd7 {[%clk
00:53:20]} {[%emt 00:00:04]} Nc8 {[%clk 00:18:25]} {[%emt 00:00:53]} 28. Bd2
{[%clk 00:49:58]} {[%emt 00:03:31]} gxf5 {[%clk 00:15:41]} {[%emt 00:02:54]} 29.
exf5 {[%clk 00:49:57]} {[%emt 00:00:11]} Nxf5 {[%clk 00:15:30]} {[%emt
00:00:21]} 30. gxf5 {[%clk 00:49:53]} {[%emt 00:00:14]} Bxe5 {[%clk 00:15:30]}
{[%emt 00:00:09]} 31. Bxc6 {[%clk 00:49:53]} {[%emt 00:00:09]} Nd6 {[%clk
00:14:30]} {[%emt 00:01:10]} 32. Bf4 {[%clk 00:49:53]} {[%emt 00:00:05]} Bxf4
{[%clk 00:13:36]} {[%emt 00:01:03]} 33. Nxf4 {[%clk 00:49:53]} {[%emt
00:00:05]} Nxf5 {[%clk 00:13:36]} {[%emt 00:00:08]} 34. Be4 {[%clk 00:49:53]}
{[%emt 00:00:03]} 1-0

[Event "2025 National K-12 Grade Championship"]
[Site "Spokane, WI USA, United States"]
[Date "2025.12.12"]
[Round "2.13"]
[White "Das, Aditeya"]
[Black "Radoslavov, Daniel Ray"]
[Result "1-0"]
[TimeControl "G/90; d10"]
[WhiteTitle "FM"]
[WhiteFideId "30975972"]
[BlackFideId "39962849"]
[WhiteElo "2382"]
[BlackElo "1881"]

1. e4 {[%clk 01:25:04]} {[%emt 00:05:05]} c6 {[%clk 01:30:00]} {[%emt
00:00:05]} 2. d4 {[%clk 01:25:04]} {[%emt 00:00:07]} d5 {[%clk 01:30:00]}
{[%emt 00:00:05]} 3. e5 {[%clk 01:25:04]} {[%emt 00:00:05]} Bf5 {[%clk
01:30:00]} {[%emt 00:00:09]} 4. Nf3 {[%clk 01:23:07]} {[%emt 00:02:08]} e6
{[%clk 01:30:00]} {[%emt 00:00:10]} 5. Be2 {[%clk 01:21:54]} {[%emt 00:01:23]}
c5 {[%clk 01:29:56]} {[%emt 00:00:13]} 6. O-O {[%clk 01:20:42]} {[%emt
00:01:23]} Nc6 {[%clk 01:29:54]} {[%emt 00:00:12]} 7. c3 {[%clk 01:20:42]}
{[%emt 00:00:06]} Nge7 {[%clk 01:27:58]} {[%emt 00:02:05]} 8. dxc5 {[%clk
01:18:28]} {[%emt 00:02:24]} Ng6 {[%clk 01:20:27]} {[%emt 00:07:41]} 9. b4
{[%clk 01:17:10]} {[%emt 00:01:28]} Ngxe5 {[%clk 01:17:32]} {[%emt 00:03:05]}
10. Nd4 {[%clk 01:14:54]} {[%emt 00:02:26]} Bg6 {[%clk 01:11:48]} {[%emt
00:05:53]} 11. f4 {[%clk 01:13:28]} {[%emt 00:01:37]} Nd7 {[%clk 01:08:38]}
{[%emt 00:03:20]} 12. Bb5 {[%clk 01:03:45]} {[%emt 00:09:54]} Nxd4 {[%clk
00:57:11]} {[%emt 00:11:36]} 13. cxd4 {[%clk 01:00:53]} {[%emt 00:03:01]} Be7
{[%clk 00:49:43]} {[%emt 00:07:38]} 14. Nc3 {[%clk 00:56:28]} {[%emt 00:04:36]}
O-O {[%clk 00:47:00]} {[%emt 00:02:53]} 15. Bd3 {[%clk 00:54:03]} {[%emt
00:02:35]} Bf6 {[%clk 00:43:23]} {[%emt 00:03:47]} 16. Bxg6 {[%clk 00:54:02]}
{[%emt 00:00:11]} hxg6 {[%clk 00:43:18]} {[%emt 00:00:14]} 17. Bb2 {[%clk
00:54:02]} {[%emt 00:00:11]} a6 {[%clk 00:36:53]} {[%emt 00:06:36]} 18. a4
{[%clk 00:53:32]} {[%emt 00:00:39]} Qc7 {[%clk 00:32:03]} {[%emt 00:04:59]} 19.
a5 {[%clk 00:47:08]} {[%emt 00:06:35]} Nb8 {[%clk 00:24:54]} {[%emt 00:07:19]}
20. Qd2 {[%clk 00:45:14]} {[%emt 00:02:03]} Nc6 {[%clk 00:24:06]} {[%emt
00:00:58]} 21. Ne2 {[%clk 00:43:04]} {[%emt 00:02:21]} Rfe8 {[%clk 00:21:49]}
{[%emt 00:02:27]} 22. Bc3 {[%clk 00:42:28]} {[%emt 00:00:46]} Na7 {[%clk
00:21:05]} {[%emt 00:00:53]} 23. g3 {[%clk 00:38:24]} {[%emt 00:04:14]} Nb5
{[%clk 00:20:52]} {[%emt 00:00:24]} 24. Bb2 {[%clk 00:38:24]} {[%emt 00:00:06]}
Qe7 {[%clk 00:19:23]} {[%emt 00:01:39]} 25. h4 {[%clk 00:37:48]} {[%emt
00:00:46]} Qd7 {[%clk 00:17:54]} {[%emt 00:01:39]} 26. Kg2 {[%clk 00:37:42]}
{[%emt 00:00:16]} Bd8 {[%clk 00:17:14]} {[%emt 00:00:49]} 27. Qd3 {[%clk
00:34:09]} {[%emt 00:03:43]} Nc7 {[%clk 00:15:37]} {[%emt 00:01:48]} 28. Ng1
{[%clk 00:32:51]} {[%emt 00:01:28]} Qb5 {[%clk 00:14:36]} {[%emt 00:01:11]} 29.
Qd2 {[%clk 00:32:47]} {[%emt 00:00:14]} f6 {[%clk 00:14:05]} {[%emt 00:00:40]}
30. Nf3 {[%clk 00:31:16]} {[%emt 00:01:41]} Kf7 {[%clk 00:13:17]} {[%emt
00:00:58]} 31. Ra3 {[%clk 00:30:35]} {[%emt 00:00:51]} Rh8 {[%clk 00:10:40]}
{[%emt 00:02:46]} 32. Re3 {[%clk 00:30:08]} {[%emt 00:00:38]} Qe8 {[%clk
00:09:24]} {[%emt 00:01:27]} 33. Bc3 {[%clk 00:28:18]} {[%emt 00:02:00]} Ke7
{[%clk 00:08:36]} {[%emt 00:00:57]} 34. Qc2 {[%clk 00:27:46]} {[%emt 00:00:42]}
Kd7 {[%clk 00:08:18]} {[%emt 00:00:28]} 35. Be1 {[%clk 00:27:23]} {[%emt
00:00:34]} g5 {[%clk 00:07:10]} {[%emt 00:01:19]} 36. fxg5 {[%clk 00:26:38]}
{[%emt 00:00:55]} fxg5 {[%clk 00:06:28]} {[%emt 00:00:52]} 37. Ne5+ {[%clk
00:26:25]} {[%emt 00:00:23]} Kc8 {[%clk 00:06:22]} {[%emt 00:00:15]} 38. Nf7
{[%clk 00:26:25]} {[%emt 00:00:06]} Kd7 {[%clk 00:05:08]} {[%emt 00:01:23]} 39.
Nxh8 {[%clk 00:25:49]} {[%emt 00:00:47]} Qxh8 {[%clk 00:05:08]} {[%emt
00:00:03]} 40. Qg6 {[%clk 00:24:03]} {[%emt 00:01:56]} gxh4 {[%clk 00:04:38]}
{[%emt 00:00:41]} 41. Rf7+ {[%clk 00:23:07]} {[%emt 00:01:06]} Kc8 {[%clk
00:04:37]} {[%emt 00:00:11]} 42. Rxg7 {[%clk 00:22:27]} {[%emt 00:00:50]} Qf8
{[%clk 00:02:38]} {[%emt 00:02:08]} 43. Rf3 {[%clk 00:21:23]} {[%emt 00:01:15]}
h3+ {[%clk 00:00:25]} {[%emt 00:02:22]} 44. Kf2 {[%clk 00:21:17]} {[%emt
00:00:16]} Qh8 {[%clk 00:00:08]} {[%emt 00:00:27]} 45. Qh7 {[%clk 00:21:17]}
{[%emt 00:00:10]} Qxh7 {[%clk 00:00:08]} {[%emt 00:00:06]} 46. Rxh7 {[%clk
00:21:17]} {[%emt 00:00:02]} Nb5 {[%clk 00:00:08]} {[%emt 00:00:04]} 47. Rf8
{[%clk 00:21:17]} {[%emt 00:00:09]} Nxd4 {[%clk 00:00:07]} {[%emt 00:00:11]} 48.
Rxd8+ {[%clk 00:21:13]} {[%emt 00:00:15]} Kxd8 {[%clk 00:00:07]} {[%emt
00:00:04]} 49. Rh8+ {[%clk 00:21:13]} {[%emt 00:00:01]} Ke7 {[%clk 00:00:07]}
{[%emt 00:00:06]} 50. Rxa8 {[%clk 00:21:13]} {[%emt 00:00:03]} h2 {[%clk
00:00:07]} {[%emt 00:00:07]} 51. Rh8 {[%clk 00:21:13]} {[%emt 00:00:06]} e5
{[%clk 00:00:07]} {[%emt 00:00:08]} 52. Rxh2 {[%clk 00:21:13]} {[%emt
00:00:05]} e4 {[%clk 00:00:07]} {[%emt 00:00:07]} 53. Rh7+ {[%clk 00:21:13]}
{[%emt 00:00:07]} Ke6 {[%clk 00:00:07]} {[%emt 00:00:03]} 54. Rxb7 {[%clk
00:21:13]} {[%emt 00:00:05]} Nc2 {[%clk 00:00:07]} {[%emt 00:00:08]} 55. Rb6+
{[%clk 00:20:32]} {[%emt 00:00:51]} Ke5 {[%clk 00:00:07]} {[%emt 00:00:09]} 56.
Bd2 {[%clk 00:20:17]} {[%emt 00:00:24]} d4 {[%clk 00:00:07]} {[%emt 00:00:07]}
57. Bf4+ {[%clk 00:20:17]} {[%emt 00:00:05]} Kd5 {[%clk 00:00:07]} {[%emt
00:00:08]} 58. Rd6+ {[%clk 00:20:17]} {[%emt 00:00:05]} Kc4 {[%clk 00:00:07]}
{[%emt 00:00:02]} 59. c6 {[%clk 00:20:17]} {[%emt 00:00:06]} e3+ {[%clk
00:00:04]} {[%emt 00:00:14]} 60. Ke2 {[%clk 00:20:16]} {[%emt 00:00:10]} Nxb4
{[%clk 00:00:04]} {[%emt 00:00:06]} 61. c7 {[%clk 00:20:16]} {[%emt 00:00:11]}
d3+ {[%clk 00:00:04]} {[%emt 00:00:03]} 62. Rxd3 {[%clk 00:20:06]} {[%emt
00:00:20]} Nxd3 {[%clk 00:00:03]} {[%emt 00:00:11]} 63. c8=Q+ {[%clk 00:20:06]}
{[%emt 00:00:05]} Kb4 {[%clk 00:00:02]} {[%emt 00:00:10]} 64. Kxd3 {[%clk
00:20:06]} {[%emt 00:00:07]} Kb5 {[%clk 00:00:02]} {[%emt 00:00:03]} 65. Qc4+
{[%clk 00:20:06]} {[%emt 00:00:06]} Kxa5 {[%clk 00:00:02]} {[%emt 00:00:02]} 66.
Bc7# {[%emt 00:00:06]} 1-0

[Event "2025 National K-12 Grade Championship"]
[Site "Spokane, WI USA, United States"]
[Date "2025.12.12"]
[Round "2.14"]
[White "Kovacs, Henry Wallace"]
[Black "Cherukuri, Nitesh"]
[Result "1/2-1/2"]
[TimeControl "G/90; d10"]
[BlackTitle "FM"]
[WhiteFideId "39960447"]
[BlackFideId "30978688"]
[WhiteElo "1884"]
[BlackElo "2338"]

1. Nf3 {[%clk 01:29:58]} {[%emt 00:00:10]} d5 {[%clk 01:29:38]} {[%emt
00:00:33]} 2. g3 {[%clk 01:29:50]} {[%emt 00:00:18]} Bf5 {[%clk 01:29:38]}
{[%emt 00:00:07]} 3. Bg2 {[%clk 01:29:50]} {[%emt 00:00:10]} c6 {[%clk
01:29:38]} {[%emt 00:00:09]} 4. d3 {[%clk 01:29:50]} {[%emt 00:00:04]} h6
{[%clk 01:29:32]} {[%emt 00:00:16]} 5. O-O {[%clk 01:29:50]} {[%emt 00:00:09]}
Nf6 {[%clk 01:29:31]} {[%emt 00:00:12]} 6. Nbd2 {[%clk 01:29:47]} {[%emt
00:00:12]} e6 {[%clk 01:29:27]} {[%emt 00:00:15]} 7. Re1 {[%clk 01:29:47]}
{[%emt 00:00:10]} Be7 {[%clk 01:29:21]} {[%emt 00:00:17]} 8. b3 {[%clk
01:28:09]} {[%emt 00:01:48]} O-O {[%clk 01:29:20]} {[%emt 00:00:12]} 9. Bb2
{[%clk 01:28:06]} {[%emt 00:00:12]} a5 {[%clk 01:29:20]} {[%emt 00:00:07]} 10.
a4 {[%clk 01:26:39]} {[%emt 00:01:37]} Na6 {[%clk 01:28:16]} {[%emt 00:01:14]}
11. e4 {[%clk 01:24:56]} {[%emt 00:01:53]} Bh7 {[%clk 01:28:15]} {[%emt
00:00:10]} 12. e5 {[%clk 01:24:28]} {[%emt 00:00:39]} Nd7 {[%clk 01:26:37]}
{[%emt 00:01:48]} 13. Nf1 {[%clk 01:20:37]} {[%emt 00:04:00]} Nb4 {[%clk
01:22:33]} {[%emt 00:04:14]} 14. Ne3 {[%clk 01:19:13]} {[%emt 00:01:34]} c5
{[%clk 01:21:55]} {[%emt 00:00:50]} 15. Qd2 {[%clk 01:13:03]} {[%emt 00:06:20]}
Nb6 {[%clk 01:15:54]} {[%emt 00:06:10]} 16. Rad1 {[%clk 01:05:57]} {[%emt
00:07:16]} Rc8 {[%clk 01:08:05]} {[%emt 00:07:58]} 17. h4 {[%clk 01:00:17]}
{[%emt 00:05:50]} c4 {[%clk 01:02:38]} {[%emt 00:05:38]} 18. dxc4 {[%clk
00:58:45]} {[%emt 00:01:42]} dxc4 {[%clk 01:02:38]} {[%emt 00:00:09]} 19. Qe2
{[%clk 00:49:43]} {[%emt 00:09:11]} Qc7 {[%clk 00:51:14]} {[%emt 00:11:34]} 20.
Nd4 {[%clk 00:44:29]} {[%emt 00:05:24]} cxb3 {[%clk 00:40:49]} {[%emt
00:10:36]} 21. cxb3 {[%clk 00:43:23]} {[%emt 00:01:15]} Qb8 {[%clk 00:38:53]}
{[%emt 00:02:07]} 22. f4 {[%clk 00:30:32]} {[%emt 00:13:01]} Bc5 {[%clk
00:38:07]} {[%emt 00:00:56]} 23. Kh1 {[%clk 00:20:39]} {[%emt 00:10:03]} Rfe8
{[%clk 00:31:00]} {[%emt 00:07:16]} 24. f5 {[%clk 00:08:34]} {[%emt 00:12:15]}
exf5 {[%clk 00:21:41]} {[%emt 00:09:30]} 25. Ndxf5 {[%clk 00:08:16]} {[%emt
00:00:27]} Bxe3 {[%clk 00:18:54]} {[%emt 00:02:58]} 26. Nxe3 {[%clk 00:08:16]}
{[%emt 00:00:10]} Rcd8 {[%clk 00:16:42]} {[%emt 00:02:22]} 27. Qb5 {[%clk
00:06:07]} {[%emt 00:02:19]} Qc7 {[%clk 00:11:20]} {[%emt 00:05:33]} 28. Rc1
{[%clk 00:05:34]} {[%emt 00:00:44]} Nc6 {[%clk 00:11:10]} {[%emt 00:00:20]} 29.
Kh2 {[%clk 00:05:08]} {[%emt 00:00:35]} Bd3 {[%clk 00:07:35]} {[%emt 00:03:45]}
30. Qxa5 {[%clk 00:03:52]} {[%emt 00:01:26]} 1/2-1/2

[Event "2025 National K-12 Grade Championship"]
[Site "Spokane, WI USA, United States"]
[Date "2025.12.12"]
[Round "2.15"]
[White "Qian, Bobby"]
[Black "Javeri, Riaan"]
[Result "0-1"]
[TimeControl "G/90; d10"]
[WhiteTitle "CM"]
[WhiteFideId "30965241"]
[WhiteElo "2227"]
[BlackElo "1783"]

1. e4 {[%clk 01:30:00]} {[%emt 00:00:04]} c6 {[%clk 01:30:00]} {[%emt
00:00:05]} 2. d4 {[%clk 01:30:00]} {[%emt 00:00:03]} d5 {[%clk 01:30:00]}
{[%emt 00:00:03]} 3. Nc3 {[%clk 01:30:00]} {[%emt 00:00:03]} dxe4 {[%clk
01:30:00]} {[%emt 00:00:07]} 4. Nxe4 {[%clk 01:30:00]} {[%emt 00:00:05]} Bf5
{[%clk 01:30:00]} {[%emt 00:00:03]} 5. Ng3 {[%clk 01:30:00]} {[%emt 00:00:04]}
Bg6 {[%clk 01:30:00]} {[%emt 00:00:04]} 6. h4 {[%clk 01:30:00]} {[%emt
00:00:04]} h6 {[%clk 01:30:00]} {[%emt 00:00:03]} 7. Nf3 {[%clk 01:30:00]}
{[%emt 00:00:05]} Nd7 {[%clk 01:30:00]} {[%emt 00:00:05]} 8. h5 {[%clk
01:30:00]} {[%emt 00:00:04]} Bh7 {[%clk 01:30:00]} {[%emt 00:00:06]} 9. Bd3
{[%clk 01:30:00]} {[%emt 00:00:03]} Bxd3 {[%clk 01:30:00]} {[%emt 00:00:06]} 10.
Qxd3 {[%clk 01:30:00]} {[%emt 00:00:03]} e6 {[%clk 01:30:00]} {[%emt 00:00:06]}
11. Bf4 {[%clk 01:30:00]} {[%emt 00:00:03]} Ngf6 {[%clk 01:29:44]} {[%emt
00:00:27]} 12. O-O-O {[%clk 01:28:55]} {[%emt 00:01:15]} Be7 {[%clk 01:29:20]}
{[%emt 00:00:35]} 13. Kb1 {[%clk 01:27:59]} {[%emt 00:01:05]} O-O {[%clk
01:27:54]} {[%emt 00:01:37]} 14. Ne4 {[%clk 01:27:34]} {[%emt 00:00:35]} Nxe4
{[%clk 01:27:54]} {[%emt 00:00:08]} 15. Qxe4 {[%clk 01:27:34]} {[%emt
00:00:04]} Nf6 {[%clk 01:27:54]} {[%emt 00:00:05]} 16. Qe2 {[%clk 01:27:34]}
{[%emt 00:00:07]} Qd5 {[%clk 01:27:48]} {[%emt 00:00:15]} 17. Ne5 {[%clk
01:23:51]} {[%emt 00:03:53]} Qe4 {[%clk 01:24:44]} {[%emt 00:03:15]} 18. Qxe4
{[%clk 01:17:01]} {[%emt 00:06:59]} Nxe4 {[%clk 01:24:44]} {[%emt 00:00:07]} 19.
Be3 {[%clk 01:14:45]} {[%emt 00:02:25]} Rfd8 {[%clk 01:16:57]} {[%emt
00:07:58]} 20. g4 {[%clk 01:05:54]} {[%emt 00:09:01]} c5 {[%clk 01:12:24]}
{[%emt 00:04:42]} 21. f3 {[%clk 00:58:10]} {[%emt 00:07:54]} cxd4 {[%clk
01:08:30]} {[%emt 00:04:04]} 22. Rxd4 {[%clk 00:50:32]} {[%emt 00:07:48]} Rxd4
{[%clk 01:00:50]} {[%emt 00:07:50]} 23. Bxd4 {[%clk 00:50:32]} {[%emt
00:00:05]} Nd2+ {[%clk 00:59:31]} {[%emt 00:01:29]} 24. Ka1 {[%clk 00:48:48]}
{[%emt 00:01:54]} Bg5 {[%clk 00:58:02]} {[%emt 00:01:39]} 25. Bc3 {[%clk
00:42:09]} {[%emt 00:06:49]} Rd8 {[%clk 00:53:04]} {[%emt 00:05:08]} 26. Bxd2
{[%clk 00:33:15]} {[%emt 00:09:04]} Rxd2 {[%clk 00:52:21]} {[%emt 00:00:53]} 27.
Kb1 {[%clk 00:31:49]} {[%emt 00:01:36]} Rf2 {[%clk 00:47:14]} {[%emt 00:05:17]}
28. a4 {[%clk 00:25:32]} {[%emt 00:06:28]} Bf6 {[%clk 00:45:50]} {[%emt
00:01:34]} 29. Re1 {[%clk 00:24:46]} {[%emt 00:00:56]} Bxe5 {[%clk 00:39:46]}
{[%emt 00:06:13]} 30. Rxe5 {[%clk 00:24:46]} {[%emt 00:00:05]} Rxf3 {[%clk
00:39:37]} {[%emt 00:00:20]} 31. a5 {[%clk 00:20:53]} {[%emt 00:04:03]} Rf1+
{[%clk 00:36:00]} {[%emt 00:03:47]} 32. Ka2 {[%clk 00:20:53]} {[%emt 00:00:07]}
Rf4 {[%clk 00:35:58]} {[%emt 00:00:12]} 33. Rb5 {[%clk 00:18:30]} {[%emt
00:02:32]} Rxg4 {[%clk 00:28:46]} {[%emt 00:07:22]} 34. b4 {[%clk 00:14:30]}
{[%emt 00:04:11]} f5 {[%clk 00:23:02]} {[%emt 00:05:54]} 35. Kb3 {[%clk
00:13:57]} {[%emt 00:00:42]} f4 {[%clk 00:18:12]} {[%emt 00:05:00]} 36. Kc3
{[%clk 00:13:28]} {[%emt 00:00:39]} f3 {[%clk 00:16:17]} {[%emt 00:02:06]} 37.
Kd2 {[%clk 00:11:54]} {[%emt 00:01:44]} Re4 {[%clk 00:05:29]} {[%emt 00:10:57]}
38. Kd3 {[%clk 00:09:16]} {[%emt 00:02:49]} f2 {[%clk 00:04:28]} {[%emt
00:01:11]} 39. Rxb7 {[%clk 00:06:27]} {[%emt 00:02:58]} f1=Q+ {[%clk 00:04:28]}
{[%emt 00:00:08]} 40. Kxe4 {[%clk 00:06:27]} {[%emt 00:00:11]} Qg2+ {[%clk
00:04:28]} {[%emt 00:00:05]} 0-1